Handbook of economic growth
Guardat en:
| Autors principals: | , |
|---|---|
| Format: | Llibre |
| Idioma: | anglès |
| Publicat: |
Amsterdam
Elsevier
2005
|
| Edició: | 1a. ed |
| Col·lecció: | Handbooks in Economics, 22
|
| Matèries: | |
| Etiquetes: |
Afegir etiqueta
Sense etiquetes, Sigues el primer a etiquetar aquest registre!
|
MARC
| LEADER | 00000nam a2200000 a 4500 | ||
|---|---|---|---|
| 001 | UCI3143 | ||
| 003 | CL-VaPUC | ||
| 008 | 071012e20050000NE |||||||||||||||||eng|d | ||
| 020 | |a 0444520414 v.1 | ||
| 020 | |a 0444520430 v.2 | ||
| 082 | 0 | 4 | |a 338.9 |b AGH |2 21 |
| 100 | 0 | |a Aghion, Philippe |e author |9 524536 | |
| 700 | 0 | |a Durlauf, Steven N |e author |9 524537 | |
| 245 | 1 | 0 | |a Handbook of economic growth |
| 250 | |a 1a. ed | ||
| 300 | |a v | ||
| 942 | |c BK | ||
| 945 | |d 20071012 00:00:00 |a jtorresc | ||
| 260 | |a Amsterdam |b Elsevier |c 2005 | ||
| 650 | 0 | |a Desarrollo económico |9 259599 | |
| 650 | 0 | |a Modelos matemáticos |9 259437 | |
| 650 | 0 | |a Países en desarrollo |9 259663 | |
| 650 | 7 | |a FACTORES SOCIOECONOMICOS |2 CL-VaPUC |9 339981 | |
| 583 | |a last modification |c 20190627 10:12:13 |k Rodrigo Vera | ||
| 490 | 0 | |a Handbooks in Economics, 22 | |
| 999 | |c 327516 |d 327514 | ||
| 952 | |0 0 |1 0 |4 0 |6 338_900000000000000_AGH_2005 |7 0 |8 A |9 410408 |a BIBENE |b BIBENE |d 2019-11-22 |h v.1 |i 4377567 |o 338.9 AGH 2005 |p 4377567 |r 2025-01-15 |w 2019-11-22 |y BK |k ICO | ||
| 952 | |0 0 |1 0 |4 0 |6 338_900000000000000_AGH_2005 |7 0 |8 A |9 410409 |a BIBENE |b BIBENE |d 2019-11-22 |h v.2 |i 4377575 |o 338.9 AGH 2005 |p 4377575 |r 2025-01-15 |w 2019-11-22 |y BK |k ICO | ||